000 00865nam a2200229 a 4500
001 000023113
005 20200930022009.0
008 101126s1993 sp a r 000 0 spa d
020 _a8486615399
040 _aDO-SdBNP
_bspa
_cBNPHU
041 1 7 _aspa
_heng
_2Código de idioma MARC.
082 _aNNN
_bC545c
100 1 _aChodron, Thubten,
_d1950-
_947583
245 1 0 _aCorazón abierto, mente lucída /
_cThubten Chodron ; prólogo por Su Santidad el XIV Dalai Lama ; traducción del inglés Víctor Márquez.
260 _aMadrid, (España) :
_bDharma,
_c1993.
300 _a248, [4] p. :
_bil. ;
_c21 cm.
534 _aTítulo original en inglés:
_tOpen heart, clear mind.
500 _aIncluye datos biográficos del autor en solapa de la contracubierta.
700 1 _aLama, Dalai
_epról.
_947121
700 1 _aMárquez, Víctor
_etr
_947584
049 _aBNGR
999 _c22610
_d22610